G25长深高速公路途经的地级和县级行政区 - 地图版 - Statistics

General Stats
  • This quiz has been taken 21 times
  • The average score is 108 of 136
Answers on the Map
Answers color-coded by a green-red scale on the quiz's map according to % correct below.
 
Answer Stats
行政区 % Correct
阜新蒙古族自治县
100%
四平市
100%
阜新市
100%
公主岭市
88%
双辽市
88%
北票市
88%
朝阳县
88%
凌源市
88%
承德县
88%
双滦区
88%
兴隆县
88%
遵化市
88%
丰润区
88%
丰南区
88%
滨海新区
88%
宁河区
88%
津南区
88%
西青区
88%
静海区
88%
黄骅市
88%
滨城区
88%
青州市
88%
莒南县
88%
赣榆区
88%
连云区
88%
灌云县
88%
灌南县
88%
淮阴区
88%
洪泽区
88%
天长市
88%
六合区
88%
江宁区
88%
句容市
88%
溧水区
88%
溧阳市
88%
宜兴市
88%
长兴县
88%
德清县
88%
余杭区
88%
富阳区
88%
桐庐县
88%
建德市
88%
永康市
88%
建瓯市
88%
沙县区
88%
上杭县
88%
博罗县
88%
惠城区
88%
惠阳区
88%
龙岗区
88%
长春市
88%
通辽市
88%
朝阳市
88%
承德市
88%
唐山市
88%
沧州市
88%
滨州市
88%
东营市
88%
潍坊市
88%
临沂市
88%
日照市
88%
连云港市
88%
淮安市
88%
滁州市
88%
南京市
88%
镇江市
88%
常州市
88%
无锡市
88%
湖州市
88%
杭州市
88%
金华市
88%
丽水市
88%
南平市
88%
三明市
88%
龙岩市
88%
梅州市
88%
河源市
88%
惠州市
88%
深圳市
88%
绿园区
75%
康平县
75%
法库县
75%
喀喇沁左翼蒙古族自治县
75%
平泉市
75%
双桥区
75%
路北区
75%
无棣县
75%
临朐县
75%
沂水县
75%
沂南县
75%
莒县
75%
涟水县
75%
清江浦区
75%
盱眙县
75%
栖霞区
75%
西湖区
75%
兰溪市
75%
金东区
75%
武义县
75%
政和县
75%
三元区
75%
武平县
75%
蕉岭县
75%
梅县区
75%
梅江区
75%
五华县
75%
源城区
75%
沈阳市
75%
科尔沁左翼后旗
63%
彰武县
63%
双塔区
63%
龙城区
63%
建平县
63%
海兴县
63%
阳信县
63%
广饶县
63%
河东区
63%
海州区
63%
吴兴区
63%
缙云县
63%
莲都区
63%
云和县
63%
龙泉市
63%
庆元县
63%
松溪县
63%
延平区
63%
兴宁市
63%
龙川县
63%
东源县
63%
新邱区
50%
细河区
50%
沾化区
50%
博兴县
50%
临沭县
50%
永安市
50%
连城县
50%
No matching quizzes found
Score Distribution
Percent of People with Each Score
Percentile by Number Answered
Your Score History
You have not taken this quiz